Úlohy obcí pri nakladaní s komunálnym odpadom

Funkcie obce vo vzťahu ku komunálnemu odpadu. Všeobecné povinnosti držiteľa odpadu. Osobitné povinnosti ustanovené výlučne pre obce. Ilustračné príklady. Povinnosti pôvodcu komunálnych odpadov.

Gespeichert in:
Bibliographische Detailangaben
1. Verfasser: Gašparíková, Božena
Format: Buchkapitel
Sprache:Slowakisch
Schlagworte:
Tags: Tag hinzufügen
Keine Tags, Fügen Sie das erste Tag hinzu!

MARC

LEADER 00000naa$a2200000$$$4500
001 0116340
005 20231127105150.3
041 0 |a slo 
044 |a SK 
245 1 0 |a Úlohy obcí pri nakladaní s komunálnym odpadom  |c Božena Gašparíková 
520 |a Funkcie obce vo vzťahu ku komunálnemu odpadu. Všeobecné povinnosti držiteľa odpadu. Osobitné povinnosti ustanovené výlučne pre obce. Ilustračné príklady. Povinnosti pôvodcu komunálnych odpadov. 
610 2 0 |a legislatíva 
610 2 0 |a obce 
610 2 0 |a samospráva 
610 2 0 |a odpad komunálny 
100 1 |a Gašparíková, Božena